00680nam a22002057a 450000100060000000300080000600500170001400800410003103500190007204000360009104100080012708200220013524500680015726000430022530000230026833700830029150500520037465000170042670000310044385625BD-RjUL20250903105602.0250903s1914 us ||||| e||| 00| 0 eng d a(BD-RjUL)85625 aBD-RjULbengcBD-RjULdDLCeDLC aeng 223a203bENC 1914 aEncyclopadia of Religion and Ethics,cEdited by, James Hastings aNew YorkbCharles Scribners Sonsc1914 a911 page, c25 cm. aEdinburgh : T. &. T. Clark, 38 George StreeetbNew York Charles Scribners sons aFormatted note, V-1, 2, 3, 4, 5, 6, 7, 8, 9, 10 aEncyclopadia aHastings, James, Edited by